00270nam a2200109Ia 4500008004100000100001400041245004000055260002200095650001900117942000700136999001700143190216s9999||||xx |||||||||||||| ||und|| aDesai.A.R 0aSocial Background Of Indian History bPopular Prakashan aIndian History cBK c18606d18606